• 首页
  • 本馆介绍
  • 公告通知
  • 最新文献
  • 馆藏检索
  • 电子资源
  • 读者导购
  • 参考咨询
  • 我的图书馆
  • 登录
  • 详细信息显示
  • 放入我的书架
  • 预约/预借图书
  • 作者相关作品
  • 分类相关作品
  • 丛书相关作品
  • 出版社相关作品

书目信息

  • 表格格式
  • 工作单格式
  • 卡片格式
题名:
辩方证人
    
 
作者: 罗芙托斯 , 柯茜 著 ;浩平 译
分册:  
出版信息: 北京   中国政法大学出版社  2012.09
页数: 329页
开本: 21cm
丛书名:
单 册:
中图分类: D971.2
科图分类:
主题词: 司法心理学--案例--美国 , 司法心理学
电子资源:
ISBN: 978-7-5620-4439-0
000 01281nam0 2200289 450
001 010700143359
005 20130427083845.34
010    @a978-7-5620-4439-0@dCNY28.00
100    @a20121211d2012 em y0chiy50 ea
101 1  @achi@ceng
102    @aCN@b110000
105    @ay z 000yy
106    @ar
200 1  @a辩方证人@9bian fang zheng ren@e一个心理学家的法庭故事@dWitness for the defense@ethe accused, the eyewitness, and the expert who puts memory on trial@f(美)伊丽莎白·罗芙托斯(Elizabeth Loftus),(美)凯撒琳·柯茜(Katherine Ketcham)著@g浩平译@zeng
210    @a北京@c中国政法大学出版社@d2012.09
215    @a329页@d21cm
330    @a本书取材自罗芙托斯以专家证人身份参与审判的八个真实案例,借由现实生活中的法庭剧阐明心理学,尤其是有关记忆的研究心得。
510 1  @aWitness for the defense@ethe accused, the eyewitness, and the expert who puts memory on trial@zeng
517 1  @a一个心理学家的法庭故事@9yi ge xin li xue jia de fa ting gu shi
606 0  @a司法心理学@x案例@y美国
606 0  @a司法心理学
690    @aD971.2@v5
701  0 @c(美)@a罗芙托斯@9luo fu tuo si@c(Loftus, Elizabeth)@4著
701  0 @c(美)@a柯茜@9ke qian@c(Ketcham, Katherine)@4著
702  0 @a浩平@9hao ping@4译
801  0 @aCN@bRENTIAN@c20121211
905    @b542241-45@dD971.2@e76@f5
    
    辩方证人:一个心理学家的法庭故事=Witness for the defense:the accused, the eyewitness, and the expert who puts memory on trial/(美)伊丽莎白·罗芙托斯(Elizabeth Loftus),(美)凯撒琳·柯茜(Katherine Ketcham)著/浩平译.-北京:中国政法大学出版社,2012.09
    329页;21cm
    
    
    ISBN 978-7-5620-4439-0:CNY28.00
    本书取材自罗芙托斯以专家证人身份参与审判的八个真实案例,借由现实生活中的法庭剧阐明心理学,尤其是有关记忆的研究心得。
●
相关链接 在E读中查询图书 在五车中查询图书 在当当中查询图书 在豆瓣中查询图书


正题名:辩方证人     索取号:D971.2/76         预约/预借

序号 登录号 条形码 馆藏地/架位号 状态 备注
1 542241   205422416   第一样本阅览室/ [索取号:D971.2/76] 在馆    
2 542242   205422425   史法系资料室/ [索取号:D971.2/76] 在馆    
3 542243   205422434   第一借阅区/ [索取号:D971.2/76] 在馆    
4 542244   205422443   第一借阅区/ [索取号:D971.2/76] 在馆    
5 542245   205422452   第一借阅区/ [索取号:D971.2/76] 在馆    
唐山师范学院图书馆 欢迎您!
大连网信软件有限公司© 版权所有